01010nam a22002417a 4500999001500000003000900015008004100024020001500065040007100080082001700151100002300168245003200191260003300223300002800256440004700284505022700331650002300558650002100581650003300602942001600635945002000651952009700671  c1039d1039AR-CdUCM190226b           ||||| |||| 00| 0 spa d  a9862301297  aMUNICIPALIDAD PROVINCIAL DEL CUSCOcBIBLIOTECA MUNICIPAL DEL CUSCO  a330.1 /bN24  aNapoleoni, Claudio  aEl futuro del capitalismo /  aMéxico :bSiglo XXIc1978.  a301 páginas ;c20 cm.  aBiblioteca el pensamiento socialista94051  aAumento de necesidades del hombre social y limites de la producción -- De la tendencia de las ganancias hacia un mínimo -- Consecuencias de las tendencias de ganancias -- perspectivas económicas de nuestros nietos...  aCapitalismo.93221  aGanancias.94052  aCapitalismo futurista.94053  2ddccLIBROS  awfjd2019-02-26  002ddc4070aSHbSHcCARTd2019-02-26g30.00o330.1 / N24pSH0000001171r2019-02-26yLIBROS